Documentos relativos al Asilo del sr. Victor Raul Haya de la Torre en la Embajada en Lima (Registro nro. 87331)

Detalles MARC
000 -ENCABEZADO
Número de control [NR] 00676nam a22001697a 4500
008 - DE LONGITUD FIJA DE DATOS DE ELEMENTOS - INFORMACIÓN GENERAL
Elementos de longitud fija [NR] 130821s1950 ck gr spa
040 ## - FUENTE DE CATALOGACION [NR]
Agencia de catalogación original [NR] Co-BoUCM
Idioma de catalogación [NR] spa
041 00 - CODIGO DE IDIOMA [R]
Código de idioma para texto/pista de sonido o título separado [R] Español
110 ## - ASIENTO PRINCIPAL--NOMBRE CORPORATIVO [NR]
Nombre corporativo o de jurisdicción como elemento de entrada [NR] Colombia. Ministerio de Relaciones Exteriores
ID de autoridad 4048
245 00 - MENCION DE TITULO [NR]
Título [NR] Documentos relativos al Asilo del sr. Victor Raul Haya de la Torre en la Embajada en Lima
Mención de responsabilidad, etc. [NR] Colombia. Leyes, decretos
260 ## - PUBLICACION, DISTRIBUCION, ETC. (PIE DE IMPRENTA) [R]
Lugar de publicación, distribución, etc. [R] Bogotá (Colombia)
Nombre del editor, distribuidor, etc. [R] Prensas del Ministerio de educación Nacional
Fecha de publicación, distribución, etc. [R] 1950
300 ## - DESCRIPCION FISICA [R]
Extensión [R] 60 páginas
600 ## - ASIENTO SECUNDARIO DE MATERIA - NOMBRE PERSONAL [R]
Nombre personal [NR] Haya de la Torre, Víctor Raúl
9 (RLIN) 669
650 04 - ASIENTO SECUNDARIO DE MATERIA - TERMINO TEMATICO [R]
Término temático o nombre geográfico como elemento de entrada [NR] Derecho de asilo
9 (RLIN) 12729
942 ## - ELEMENTOS DE ENTRADA AGREGADOS (KOHA)
Tipo de ítem principal el descrito en 300a Libro
Tema principal Derecho
Edición 1
Parte restante de la signatura top. C65D
Título oculto en OPAC No
Sistema de clasificación DEWEY
Clasificación 341.488
Existencias
Signatura topográfica Código de barras Última vez visto Ejemplar Price effective from Tipo de ítem Perdido Sistema de clasificación Dañado No prestable Tipo de ítem específico Suprimido Ubicación habitual Ubicación actual Localización Fecha de creación Forma de adquisición Costo
FCS 341.488 C65D 120000531 06/07/2012 Ej.1 03/02/2013 Libro   DEWEY     Fondos especiales     Archivo Histórico Archivo histórico 28/02/2003 Donación 1000.00